00444 2200181 4500001002100000005001500021008004100036020001800077035001900095041000700114082001400121090001600135100002000151245002800171260002800199300001700227650001800244INLIS00000000000516920241224113042241224||||||||| | ||| |||| || |  a979-010-489-8 0010-1224005169 aid0 a741:03:00 a741.3 ARL P0 aArleen Amidjaja00aPENYIHIR DI TEPI PANTAI bBUMI AKSARA GROUPc2008 a23 HLM,;19CM 0aILMU OLAHRAGA